000 00492nam a2200181Ia 4500
001 4032
005 20260306145726.0
008 260306t2007||||xx |||||||||||||| ||spa||
041 _aESP
082 _a306.76
_bCH535
100 _aChávez Alvarado, Susana
_eAUT
245 0 _aConcepciones y percepciones sobre los derechos sexuales y reproductivos en la adolescencia
260 _c2007
300 _a155 páginas :
_c20 cm.
650 _aGEN
654 _aCHU
942 _cLIB
_dJUS
_fJUS
_2ddc
_n
999 _c4032
_d4032